[Event "28th European Club Cup"]
[Site "Eilat ISR"]
[Date "2012.10.16"]
[Round "6.6"]
[White "Nabaty, Tamir"]
[Black "Franco Alonso, Alejandro"]
[Result "0-1"]
[WhiteTitle "GM"]
[BlackTitle "IM"]
[WhiteElo "2586"]
[BlackElo "2479"]
[WhiteTeam "Beer Sheba"]
[BlackTeam "Gros Xake Taldea"]
[WhiteFideId "2809052"]
[BlackFideId "2214067"]
[EventDate "2012.10.11"]
[EventType "team-swiss"]

1. Nf3 Nf6 2. c4 e6 3. g3 a6 4. Nc3 d5 5. cxd5 exd5 6. d4 Be7 7. Bg2 O-O 8. O-O
c6 9. Bf4 Nbd7 10. Qb3 Nh5 11. Bd2 Qb6 12. Qc2 Re8 13. e4 dxe4 14. Nxe4 Nhf6 15.
Nc3 Qd8 16. Na4 Nd5 17. Rfe1 N7f6 18. Ne5 Be6 19. Nc5 Qc8 20. Nxe6 Qxe6 21. Qb3
Rab8 22. h3 Qd6 23. Rac1 Qd8 24. Nc4 Qd7 25. a4 h6 26. a5 Rbd8 27. Ne5 Qc7 28.
f4 Qb8 29. Kh2 Nh7 30. Re2 Bf8 31. Rce1 Re7 32. Bf3 Rc7 33. Kg2 Ndf6 34. Qc4 Bd6
35. g4 Nf8 36. f5 c5 37. d5 N8d7 38. Nd3 b5 39. Qc2 Rcc8 40. h4 Bh2 41. Kh1 Qg3
42. Re3 Bg1 43. R3e2 Bd4 0-1

[Event "28th European Club Cup"]
[Site "Eilat ISR"]
[Date "2012.10.16"]
[Round "6.6"]
[White "Gonzalez De La Torre, Santiago"]
[Black "Postny, Evgeny"]
[Result "0-1"]
[WhiteTitle "IM"]
[BlackTitle "GM"]
[WhiteElo "2442"]
[BlackElo "2647"]
[WhiteTeam "Gros Xake Taldea"]
[BlackTeam "Beer Sheba"]
[WhiteFideId "2221667"]
[BlackFideId "2804344"]
[EventDate "2012.10.11"]
[EventType "team-swiss"]

1. e4 e5 2. Nf3 Nc6 3. Bb5 Nf6 4. O-O Nxe4 5. Re1 Nd6 6. Nxe5 Be7 7. Bd3 Nxe5 8.
Rxe5 O-O 9. Nc3 c6 10. b3 Ne8 11. Qf3 d5 12. Bb2 Bf6 13. Re2 Nc7 14. Ba3 Re8 15.
Rae1 Re6 16. Re3 Bg5 17. Rxe6 Nxe6 18. Bc1 Bd7 19. Ne2 Nc5 20. Bf5 Qf6 21. Ng3
g6 22. d4 Bxc1 23. dxc5 Bd2 24. Rd1 Bxf5 25. Nxf5 Bb4 26. Nh6+ Kg7 27. Qe3 Bxc5
28. Qxc5 Kxh6 29. Re1 Re8 30. Kf1 b6 31. Qb4 Rxe1+ 32. Qxe1 Qf4 33. g3 Qe4 34.
Qd2+ Kg7 35. h4 c5 36. Qc3+ d4 37. Qc4 Qh1+ 38. Ke2 Qe4+ 39. Kf1 Qh1+ 40. Ke2
Qc6 41. a4 Kf6 42. Kd2 Qf3 43. Ke1 Qc3+ 44. Qxc3 dxc3 45. Ke2 Kf5 46. f3 g5 47.
hxg5 Kxg5 48. Kf2 f5 49. Kf1 h5 50. f4+ Kg4 51. Kg2 a6 0-1

[Event "28th European Club Cup"]
[Site "Eilat ISR"]
[Date "2012.10.16"]
[Round "6.6"]
[White "Greenfeld, Alon"]
[Black "Argandona Riveiro, Inigo"]
[Result "0-1"]
[WhiteTitle "GM"]
[BlackTitle "IM"]
[WhiteElo "2559"]
[BlackElo "2402"]
[WhiteTeam "Beer Sheba"]
[BlackTeam "Gros Xake Taldea"]
[WhiteFideId "2800039"]
[BlackFideId "2212072"]
[EventDate "2012.10.11"]
[EventType "team-swiss"]

1. d4 g6 2. e4 Bg7 3. c4 c5 4. Nf3 cxd4 5. Nxd4 Nc6 6. Be3 Nf6 7. Nc3 O-O 8. Be2
b6 9. O-O Bb7 10. Ndb5 Qb8 11. Rc1 Rd8 12. Qd2 d6 13. Rfd1 Rd7 14. f3 Qf8 15.
Bf1 Rad8 16. Bg5 h6 17. Be3 e6 18. Qf2 d5 19. exd5 exd5 20. c5 d4 21. Nxd4 Nxd4
22. Rxd4 Nd5 23. Rxd5 Bxd5 24. Bb5 Re7 25. c6 Bxc6 0-1

[Event "28th European Club Cup"]
[Site "Eilat ISR"]
[Date "2012.10.16"]
[Round "6.7"]
[White "Zhigalko, Andrey"]
[Black "Bok, Benjamin"]
[Result "1-0"]
[WhiteTitle "GM"]
[BlackTitle "IM"]
[WhiteElo "2582"]
[BlackElo "2530"]
[WhiteTeam "Vesnianka Gran"]
[BlackTeam "Eynatten"]
[WhiteFideId "13502247"]
[BlackFideId "1017063"]
[EventDate "2012.10.11"]
[EventType "team-swiss"]

1. Nf3 Nf6 2. c4 g6 3. Nc3 d5 4. Qa4+ Bd7 5. Qb3 dxc4 6. Qxc4 a6 7. Qb3 b5 8. a4
b4 9. Qxb4 Nc6 10. Qc4 Rb8 11. e3 Nb4 12. Ng5 e6 13. Na2 Nfd5 14. Ne4 Bg7 15.
Nc5 O-O 16. Nxb4 Nxb4 17. Nxd7 Qxd7 18. Be2 Qd5 19. O-O c5 20. a5 Rfd8 21. Ra3
Qxc4 22. Bxc4 Rd6 23. g3 Nc2 24. Ra2 Nb4 25. Ra4 Nd3 26. b3 Ne5 27. Ba3 Nxc4 28.
bxc4 Rxd2 29. Bxc5 Rc2 30. Rd1 Bf8 31. Bb6 Rc8 32. Rd7 R2xc4 33. Rxc4 Rxc4 34.
Ra7 Bc5 35. Rc7 Rc1+ 36. Kg2 Ba3 37. Ra7 Bc5 38. Rxa6 Bxb6 39. Rxb6 Ra1 40. a6
Kg7 41. Kf3 Ra4 42. Ke2 g5 43. Kd3 Kg6 44. Kc3 Kf5 45. f3 Ra1 46. g4+ Ke5 47.
Kb4 Kd5 48. Rb5+ Kc6 49. Ra5 Rb1+ 50. Kc3 Rb8 51. a7 Ra8 52. Kd4 Kb6 53. Rxg5
Rxa7 54. Rg7 Kc6 55. Ke5 h5 56. Kf6 hxg4 57. fxg4 Ra2 58. h4 Rf2+ 59. Ke7 Rh2
60. Rh7 f5 61. g5 e5 62. g6 Rg2 63. h5 Kd5 64. Rf7 f4 65. exf4 exf4 66. g7 f3
67. Kf8 1-0

[Event "28th European Club Cup"]
[Site "Eilat ISR"]
[Date "2012.10.16"]
[Round "6.7"]
[White "Koch, Thomas1"]
[Black "Gorovets, Andrey"]
[Result "1/2-1/2"]
[WhiteTitle "IM"]
[BlackTitle "IM"]
[WhiteElo "2431"]
[BlackElo "2459"]
[WhiteTeam "Eynatten"]
[BlackTeam "Vesnianka Gran"]
[WhiteFideId "4600533"]
[BlackFideId "13504037"]
[EventDate "2012.10.11"]
[EventType "team-swiss"]

1. d4 f5 2. g3 Nf6 3. Bg2 g6 4. Nh3 Bg7 5. Nf4 Nc6 6. d5 Ne5 7. Nd3 d6 8. c4 O-O
9. Nxe5 dxe5 10. Nc3 e4 11. O-O e5 12. Rb1 a5 13. b3 Bd7 14. Qc2 Qe7 15. Rd1
Rfd8 16. a3 Be8 17. b4 axb4 18. axb4 h6 19. f3 exf3 20. exf3 b5 21. Nxb5 Nxd5
22. Rxd5 Rxd5 23. cxd5 Bxb5 24. Be3 Rd8 25. Qc5 Qxc5 26. bxc5 Bc4 27. Rb7 Rxd5
28. Rxc7 f4 29. gxf4 exf4 30. Bxf4 Rd1+ 31. Kf2 Bd4+ 32. Kg3 g5 33. Bd6 Rg1 34.
Ra7 Bf1 35. Ra2 Bxg2 36. Rxg2 Rc1 37. Kg4 Bxc5 38. Bxc5 Rxc5 39. Kh5 Rf5 40.
Kxh6 Rxf3 41. h4 Rf6+ 42. Kh5 Kh7 43. hxg5 Ra6 44. Rc2 Ra7 45. Rc6 Kg7 1/2-1/2

[Event "28th European Club Cup"]
[Site "Eilat ISR"]
[Date "2012.10.16"]
[Round "6.7"]
[White "Mochalov, Evgeny V"]
[Black "Coenen, Norbert"]
[Result "1-0"]
[WhiteTitle "IM"]
[BlackTitle "IM"]
[WhiteElo "2403"]
[BlackElo "2327"]
[WhiteTeam "Vesnianka Gran"]
[BlackTeam "Eynatten"]
[WhiteFideId "13500074"]
[BlackFideId "4619455"]
[EventDate "2012.10.11"]
[EventType "team-swiss"]

1. Nf3 Nf6 2. g3 c5 3. Bg2 Nc6 4. d4 cxd4 5. Nxd4 Qb6 6. Nb3 g6 7. O-O Bg7 8. c4
d6 9. Nc3 O-O 10. Be3 Qd8 11. h3 Be6 12. Nd5 Rc8 13. Rc1 b6 14. Bg5 Nd7 15. Qd2
Re8 16. Bh6 Nc5 17. Bxg7 Nxb3 18. axb3 Kxg7 19. b4 a5 20. bxa5 Nxa5 21. b4 Nc6
22. Qe3 Rb8 23. Rfd1 Kg8 24. Nf4 Bd7 25. c5 bxc5 26. bxc5 e5 27. Nd5 dxc5 28.
Rxc5 Re6 29. g4 Nd4 30. g5 Rb3 31. Qd2 Bc6 32. e3 Bxd5 33. Rxd5 Nf3+ 34. Bxf3
Qxg5+ 35. Bg2 Reb6 36. Qe2 Rb2 37. Qf3 Rf6 38. Qg3 Qh5 39. Rf1 Rf5 40. h4 Kg7
41. e4 Rf4 42. Qxf4 1-0

[Event "28th European Club Cup"]
[Site "Eilat ISR"]
[Date "2012.10.16"]
[Round "6.7"]
[White "Kaufeld, Juergen"]
[Black "Oblamski, Vladimir"]
[Result "1-0"]
[WhiteTitle "FM"]
[WhiteElo "2326"]
[BlackElo "2114"]
[WhiteTeam "Eynatten"]
[BlackTeam "Vesnianka Gran"]
[WhiteFideId "4648498"]
[BlackFideId "13503979"]
[EventDate "2012.10.11"]
[EventType "team-swiss"]

1. e4 d5 2. exd5 Qxd5 3. Nc3 Qa5 4. d4 Nf6 5. Bd2 Bg4 6. f3 Bf5 7. g4 Bd7 8. Bc4
Qb6 9. g5 Nh5 10. Qe2 e6 11. f4 g6 12. f5 Be7 13. O-O-O Na6 14. Nf3 O-O-O 15.
Ne5 Be8 16. Be3 c5 17. dxc5 Rxd1+ 18. Rxd1 Bxc5 19. Bxc5 Nxc5 20. fxe6 fxe6 21.
Qd2 Ng7 22. b4 Na4 23. Nxa4 Bxa4 24. Qc3 Qc7 25. Nf7 Rg8 26. Nd6+ Kb8 27. b5 Nf5
28. Nxf5 gxf5 29. Qb4 Qf4+ 30. Kb1 Rc8 31. Qxa4 Qxc4 32. Qxc4 Rxc4 33. Rd8+ Kc7
34. Rh8 Rb4+ 35. Kc1 Rxb5 36. Rxh7+ Kd6 37. g6 f4 38. h4 f3 39. Rf7 Re5 40. Kd1
Re4 41. h5 Rg4 42. g7 e5 43. Rf6+ Ke7 44. Rg6 f2 45. Ke2 1-0

[Event "28th European Club Cup"]
[Site "Eilat ISR"]
[Date "2012.10.16"]
[Round "6.8"]
[White "Agrest, Evgenij"]
[Black "Palac, Mladen"]
[Result "0-1"]
[WhiteTitle "GM"]
[BlackTitle "GM"]
[WhiteElo "2614"]
[BlackElo "2600"]
[WhiteTeam "Team Viking"]
[BlackTeam "Siroki Brijeg"]
[WhiteFideId "1705024"]
[BlackFideId "14500116"]
[EventDate "2012.10.11"]
[EventType "team-swiss"]

1. Nf3 d5 2. c4 e6 3. g3 dxc4 4. Qa4+ Nd7 5. Bg2 a6 6. Qxc4 b5 7. Qb3 Bb7 8. O-O
Ngf6 9. Nc3 Be7 10. d3 O-O 11. a4 b4 12. Nd1 e5 13. Nd2 Bxg2 14. Kxg2 a5 15. Ne3
Nc5 16. Qc4 Nfd7 17. Nd5 Nb6 18. Nxb6 cxb6 19. Nf3 Qe8 20. Be3 Nxa4 21. Qc2 b5
22. Nxe5 Rc8 23. Qb3 Bf6 24. Nf3 Qe6 25. Qxe6 fxe6 26. Bd4 Ra8 27. Bxf6 gxf6 28.
Nd4 Nxb2 29. Rfb1 Na4 30. Nxb5 Rfb8 31. Nc7 Nc3 32. Rb2 Ra7 33. Nxe6 a4 34. Nd4
b3 35. Ra3 Nb5 36. Nxb5 Rxb5 37. e4 Rb4 38. Kf3 Rd7 39. Ke2 Kf7 40. g4 Ke6 41.
f4 Rbd4 42. h4 h6 43. Ra1 Kd6 44. Ke3 Kc5 45. Rxa4 Rxa4 46. Rxb3 Ra1 47. Rc3+
Kb4 48. Rc4+ Kb3 49. Rc6 Rd1 50. Rb6+ Kc3 51. Rc6+ Kb4 52. Rb6+ Kc5 53. Rb3 Re1+
54. Kf2 Rh1 55. g5 Rxh4 0-1

[Event "28th European Club Cup"]
[Site "Eilat ISR"]
[Date "2012.10.16"]
[Round "6.8"]
[White "Lindberg, Bo"]
[Black "Kurajica, Bojan"]
[Result "0-1"]
[WhiteTitle "FM"]
[BlackTitle "GM"]
[WhiteElo "2403"]
[BlackElo "2558"]
[WhiteTeam "Team Viking"]
[BlackTeam "Siroki Brijeg"]
[WhiteFideId "1705997"]
[BlackFideId "14400057"]
[EventDate "2012.10.11"]
[EventType "team-swiss"]

1. d4 Nf6 2. Bg5 c6 3. Bxf6 exf6 4. e3 Qb6 5. Qc1 f5 6. c4 g6 7. Nc3 Bg7 8. g3
d6 9. Nge2 Nd7 10. Bg2 Nf6 11. Qc2 Be6 12. b3 h5 13. h4 Bh6 14. Qd3 d5 15. cxd5
cxd5 16. O-O O-O 17. Qb5 Qd6 18. Qc5 Qd7 19. Qb5 Qd6 20. Qc5 Qd8 21. Rac1 b6 22.
Qa3 Re8 23. Rc2 a6 24. Nf4 Bf8 25. Qb2 Qd6 26. Rfc1 Rad8 27. Na4 Bd7 28. Rc7 b5
29. Rxd7 Rxd7 30. Nc5 Rc7 31. b4 Bh6 32. Ne2 Ne4 33. Qb3 Rce7 34. Nxe4 dxe4 35.
Rc5 f4 36. gxf4 Qf6 37. Ng3 Qxh4 38. f5 Kh7 39. d5 Qf6 40. fxg6+ fxg6 41. Qc2
Qa1+ 42. Qc1 Qxa2 43. Rc7 Qxd5 44. Nxe4 Qf7 45. Rxe7 Qxe7 46. Qc6 Rf8 47. Qxa6
Qxb4 48. Qb7+ Kh8 49. Qc6 Kg7 50. Qc7+ Kh8 51. Qc6 Qb1+ 52. Kh2 Qb2 53. Qxg6
Qe5+ 54. f4 Qg7 55. Qxh5 Qh7 56. Ng3 Bg7 57. Qxh7+ Kxh7 58. Bd5 b4 59. Kg2 Rb8
60. Bb3 Ra8 61. Ne2 Ra3 62. Nc1 Kh8 63. Be6 Rxe3 64. f5 Bd4 65. Nb3 Bb6 66. Kf1
Kg7 67. Kg2 Kf6 68. Kf1 Ba7 69. Nd2 Kg5 70. Nb3 Kf4 71. Nd2 Bd4 72. Nb3 Bc3 73.
Kf2 Be1+ 74. Kf1 Bh4 75. Kg2 Re2+ 76. Kf1 Ke3 77. Kg1 Bd8 78. Kf1 Rb2 79. Kg1
Bb6 80. Kf1 Kd3 81. Bg8 Rf2+ 82. Ke1 Rg2 83. Nc1+ Ke3 84. Bc4 Rc2 0-1

[Event "28th European Club Cup"]
[Site "Eilat ISR"]
[Date "2012.10.16"]
[Round "6.8"]
[White "Dizdarevic, Emir"]
[Black "Cramling, Dan"]
[Result "1-0"]
[WhiteTitle "GM"]
[BlackTitle "IM"]
[WhiteElo "2491"]
[BlackElo "2360"]
[WhiteTeam "Siroki Brijeg"]
[BlackTeam "Team Viking"]
[WhiteFideId "14400049"]
[BlackFideId "1700162"]
[EventDate "2012.10.11"]
[EventType "team-swiss"]

1. Nf3 g6 2. d4 Bg7 3. g3 d6 4. Bg2 Nd7 5. O-O e5 6. dxe5 dxe5 7. Qd2 Ngf6 8.
Rd1 Qe7 9. Qa5 c5 10. Nfd2 Nb6 11. Nc3 Bf5 12. Nde4 Nxe4 13. Bxe4 Bxe4 14. Nxe4
O-O 15. Be3 Nc4 16. Bxc5 Qe6 17. Qb4 a5 18. Qb5 Rfc8 19. b3 Qa6 20. Qxc4 Qxc4
21. bxc4 f5 22. Be3 fxe4 23. c5 Rc7 24. Rab1 Kf7 25. Rb5 Ke8 26. Rdb1 Ra7 27. c6 1-0

[Event "28th European Club Cup"]
[Site "Eilat ISR"]
[Date "2012.10.16"]
[Round "6.8"]
[White "Sagit, Rauan"]
[Black "Bogut, Zeljko"]
[Result "0-1"]
[WhiteTitle "FM"]
[BlackTitle "IM"]
[WhiteElo "2356"]
[BlackElo "2441"]
[WhiteTeam "Team Viking"]
[BlackTeam "Siroki Brijeg"]
[WhiteFideId "1708376"]
[BlackFideId "14505207"]
[EventDate "2012.10.11"]
[EventType "team-swiss"]

1. e4 c5 2. Nc3 e6 3. Nf3 a6 4. d4 cxd4 5. Nxd4 Qc7 6. Be2 Nf6 7. O-O Be7 8. Be3
O-O 9. a3 d6 10. Qd2 b5 11. f3 Bb7 12. g4 Nc6 13. Nxc6 Bxc6 14. g5 Nd7 15. Rad1
Rfd8 16. Rf2 Rab8 17. Rg2 a5 18. Ra1 b4 19. axb4 axb4 20. Nd1 d5 21. exd5 Nb6
22. c4 bxc3 23. Nxc3 Nxd5 24. Nxd5 Bxd5 25. Qc3 Bd6 26. Qxc7 Bxc7 27. Bd1 Be5
28. Bc1 Bc6 29. Be2 g6 30. Be3 Rxb2 31. Rc1 Bd5 32. Bd1 Bb3 33. f4 Bc3 34. Bxb3
Rxb3 35. Rgc2 Bd4 36. Bxd4 Rxd4 37. Rc4 Rb4 38. Rxd4 Rxd4 39. Rf1 e5 40. fxe5
Rg4+ 41. Kf2 Rxg5 42. Re1 Kf8 43. e6 f6 44. e7+ Ke8 45. Kf3 Rf5+ 46. Kg4 Re5 47.
Rf1 Rg5+ 48. Kh4 Kxe7 49. Ra1 Rd5 50. Ra7+ Rd7 51. Ra6 Rd4+ 52. Kg3 Rd3+ 53. Kh4
g5+ 54. Kg4 Rd4+ 55. Kg3 h5 56. h3 Rd3+ 57. Kg2 h4 58. Rb6 Rd2+ 59. Kf3 Kf7 60.
Rb8 Kg6 61. Rg8+ Kf5 62. Ra8 Rh2 63. Ra5+ Kg6 64. Kg4 Rg2+ 65. Kf3 Rg3+ 66. Ke4
Rxh3 67. Ra8 f5+ 68. Ke5 Re3+ 69. Kd4 f4 70. Rh8 0-1

[Event "28th European Club Cup"]
[Site "Eilat ISR"]
[Date "2012.10.16"]
[Round "6.8"]
[White "Dimitrijevic, Aleksandra"]
[Black "Pettersson, Anders1"]
[Result "1/2-1/2"]
[WhiteTitle "WFM"]
[WhiteElo "2270"]
[BlackElo "2274"]
[WhiteTeam "Siroki Brijeg"]
[BlackTeam "Team Viking"]
[WhiteFideId "929239"]
[BlackFideId "1709771"]
[EventDate "2012.10.11"]
[EventType "team-swiss"]

1. c4 Nf6 2. Nf3 c5 3. g3 b6 4. Bg2 Bb7 5. O-O e6 6. b3 Be7 7. Bb2 O-O 8. e3 d5
9. d4 dxc4 10. bxc4 cxd4 11. exd4 Nc6 12. Qe2 Rc8 13. Nbd2 Re8 14. Rfd1 Qc7 15.
Rac1 Qb8 16. Nf1 Nb4 17. a3 Nc6 18. Ne3 Na5 19. Bc3 Ba6 20. Ne5 Qc7 21. Bxa5
bxa5 22. Qa2 Bb7 23. c5 Bxg2 24. Kxg2 Red8 25. Qe2 Nd5 26. N3c4 Rb8 27. Qe1 a4
28. Na5 Rb5 29. Nac6 Rc8 30. Rb1 a6 31. Nxe7+ Nxe7 32. Nc4 Rb3 33. Rxb3 axb3 34.
Nb6 Rd8 35. Qb4 Qc6+ 36. f3 Nf5 37. Qxb3 Rxd4 38. Nd5 Qb5 39. Qxb5 axb5 40. Rxd4
Nxd4 41. Nb4 Kf8 42. Kf2 Ke8 43. Ke3 Nb3 44. Nc6 Nxc5 45. Na7 b4 46. axb4 Na6
47. b5 Nc5 48. Kd4 Nb7 49. Nc6 f6 50. Nb8 Ke7 51. Na6 Kd6 52. Kc4 e5 53. Nb8 Nd8
54. Na6 1/2-1/2

[Event "28th European Club Cup"]
[Site "Eilat ISR"]
[Date "2012.10.16"]
[Round "6.9"]
[White "Kasimdzhanov, Rustam"]
[Black "Stojcevski, Zoran"]
[Result "1-0"]
[WhiteTitle "GM"]
[BlackTitle "FM"]
[WhiteElo "2690"]
[BlackElo "2325"]
[WhiteTeam "OSG Baden-Baden e.V."]
[BlackTeam "Gambit Aseko-See"]
[WhiteFideId "14200244"]
[BlackFideId "15000192"]
[EventDate "2012.10.11"]
[EventType "team-swiss"]

1. Nf3 d5 2. c4 c6 3. d4 Nf6 4. Nc3 dxc4 5. a4 Bf5 6. e3 e6 7. Bxc4 Nbd7 8. O-O
Bd6 9. Re1 Ne4 10. Bd3 Nxc3 11. bxc3 Bxd3 12. Qxd3 Qe7 13. e4 e5 14. Bg5 f6 15.
Be3 O-O 16. Rab1 b6 17. Qc4+ Kh8 18. Qxc6 Rac8 19. Qd5 Rxc3 20. Red1 Rc7 21.
dxe5 Bxe5 22. a5 bxa5 23. Qxa5 Rfc8 24. h4 Bc3 25. Qf5 a5 26. Bf4 Ne5 27. Rb7
Rd8 28. Rxd8+ Qxd8 29. Rxc7 Qxc7 30. Ng5 g6 31. Qxf6+ Qg7 32. Qd8+ Qg8 33. Qd6 1-0

[Event "28th European Club Cup"]
[Site "Eilat ISR"]
[Date "2012.10.16"]
[Round "6.9"]
[White "Andonovski, Ljubisa"]
[Black "Nisipeanu, Liviu-Dieter"]
[Result "0-1"]
[WhiteTitle "FM"]
[BlackTitle "GM"]
[WhiteElo "2274"]
[BlackElo "2661"]
[WhiteTeam "Gambit Aseko-See"]
[BlackTeam "OSG Baden-Baden e.V."]
[WhiteFideId "15000427"]
[BlackFideId "1202758"]
[EventDate "2012.10.11"]
[EventType "team-swiss"]

1. d4 Nf6 2. c4 e6 3. Nf3 c5 4. e3 cxd4 5. exd4 d5 6. Nc3 Bb4 7. cxd5 Nxd5 8.
Bd2 Nc6 9. Bd3 O-O 10. O-O Be7 11. a3 Nf6 12. Bg5 h6 13. Bh4 Nh5 14. Bxe7 Nxe7
15. Ne5 Nf6 16. Bc4 Qb6 17. Qd2 Rd8 18. Rad1 Bd7 19. Rfe1 Be8 20. Ne4 Nxe4 21.
Rxe4 Rac8 22. Ba2 Qc7 23. Bb1 Rd5 24. Ree1 Rcd8 25. Nf3 Qb6 26. Qc3 Bc6 27. Be4
Rb5 28. b4 Bxe4 29. Rxe4 Rbd5 30. a4 a6 31. a5 Qd6 32. Rc1 Nc6 0-1

[Event "28th European Club Cup"]
[Site "Eilat ISR"]
[Date "2012.10.16"]
[Round "6.11"]
[White "Burg, Twan"]
[Black "Alterman, Boris"]
[Result "1/2-1/2"]
[WhiteTitle "IM"]
[BlackTitle "GM"]
[WhiteElo "2502"]
[BlackElo "2584"]
[WhiteTeam "Amay"]
[BlackTeam "Rishon Le-Zion"]
[WhiteFideId "1010697"]
[BlackFideId "2801906"]
[EventDate "2012.10.11"]
[EventType "team-swiss"]

1. e4 c5 2. Nf3 Nc6 3. d4 cxd4 4. Nxd4 g6 5. Nc3 Bg7 6. Be3 Nf6 7. Bc4 O-O 8.
Bb3 d6 9. f3 Bd7 10. Qd2 Nxd4 11. Bxd4 b5 12. a4 bxa4 13. Bxa4 Be6 14. O-O Qc7
15. Bb5 Rfb8 16. Ra6 Bc8 17. Ra4 Bd7 18. Bxd7 Nxd7 19. Nd5 Bxd4+ 20. Rxd4 Qd8
21. b3 Rc8 22. Ra1 Nb6 23. Kh1 Qf8 24. h3 Nxd5 25. Rxd5 Qg7 26. Rda5 Rc7 27.
R1a2 Qf6 28. Qe3 h5 29. c4 h4 30. Rxa7 Raxa7 31. Rxa7 Rxa7 32. Qxa7 Qc3 33. Qb6
g5 34. Qd8+ Kg7 35. Qxe7 Qe1+ 36. Kh2 Qg3+ 37. Kh1 Qe1+ 38. Kh2 Qg3+ 39. Kh1
Qe1+ 40. Kh2 Qg3+ 41. Kh1 1/2-1/2

[Event "28th European Club Cup"]
[Site "Eilat ISR"]
[Date "2012.10.16"]
[Round "6.11"]
[White "Popilski, Gil"]
[Black "Tan, Matthew"]
[Result "1-0"]
[WhiteTitle "IM"]
[BlackTitle "IM"]
[WhiteElo "2475"]
[BlackElo "2425"]
[WhiteTeam "Rishon Le-Zion"]
[BlackTeam "Amay"]
[WhiteFideId "2809060"]
[BlackFideId "1011316"]
[EventDate "2012.10.11"]
[EventType "team-swiss"]

1. e4 e6 2. d4 d5 3. Nc3 Bb4 4. exd5 exd5 5. Bd3 Nc6 6. a3 Bxc3+ 7. bxc3 Nge7 8.
Qf3 Be6 9. Rb1 b6 10. Ne2 Qd7 11. O-O Bf5 12. a4 O-O 13. Ba3 Rfe8 14. Nf4 Bxd3
15. cxd3 Rad8 16. Rfe1 Na5 17. Bxe7 Rxe7 18. Rxe7 Qxe7 19. Nxd5 Qd7 20. Re1 Re8
21. Rxe8+ Qxe8 22. h4 h6 23. Qg3 Kh7 24. Qe5 Qxe5 25. dxe5 c5 26. Ne7 g5 27. h5
Kg7 28. g3 Kf8 29. Nf5 Nc6 30. d4 cxd4 31. cxd4 a6 32. Kf1 Ne7 33. Nxe7 Kxe7 34.
f4 1-0

[Event "28th European Club Cup"]
[Site "Eilat ISR"]
[Date "2012.10.16"]
[Round "6.11"]
[White "Broekmeulen, Jasper"]
[Black "Baron, Tal"]
[Result "0-1"]
[WhiteTitle "FM"]
[BlackTitle "GM"]
[WhiteElo "2410"]
[BlackElo "2454"]
[WhiteTeam "Amay"]
[BlackTeam "Rishon Le-Zion"]
[WhiteFideId "1013440"]
[BlackFideId "2809958"]
[EventDate "2012.10.11"]
[EventType "team-swiss"]

1. e4 e5 2. Nf3 Nc6 3. d4 exd4 4. Nxd4 Nf6 5. Nc3 Bb4 6. Nxc6 bxc6 7. Bd3 d5 8.
exd5 O-O 9. O-O cxd5 10. Bg5 c6 11. Qf3 Bd6 12. Rae1 Rb8 13. Nd1 a5 14. b3 h6
15. Bxf6 Qxf6 16. Qxf6 gxf6 17. Ne3 Bb4 18. Re2 a4 19. Rd1 Rd8 20. Kf1 Kf8 21.
Nf5 c5 22. Nxh6 c4 23. Bxc4 Kg7 24. Nxf7 Kxf7 25. Rxd5 Rxd5 26. Bxd5+ Kg7 27. c4
Bf5 28. Be4 Rd8 29. f3 Rd1+ 30. Kf2 Bc5+ 31. Kg3 Bxe4 32. Rxe4 a3 33. Re2 Kg6
34. f4 Kf5 35. h4 Rd3+ 36. Kh2 Kxf4 37. Re6 Kf5 38. Ra6 Bd6+ 39. g3 Bxg3+ 40.
Kg2 Kg4 41. Rxa3 Rd2+ 42. Kf1 Rf2+ 43. Kg1 Rf3 44. Kg2 f5 45. Ra8 Rf2+ 46. Kg1
Rd2 47. b4 f4 0-1

[Event "28th European Club Cup"]
[Site "Eilat ISR"]
[Date "2012.10.16"]
[Round "6.11"]
[White "Caspi, Israel"]
[Black "Memeti, Kastriot"]
[Result "1-0"]
[WhiteTitle "IM"]
[WhiteElo "2451"]
[BlackElo "2189"]
[WhiteTeam "Rishon Le-Zion"]
[BlackTeam "Amay"]
[WhiteFideId "2807394"]
[BlackFideId "204390"]
[EventDate "2012.10.11"]
[EventType "team-swiss"]

1. e4 e6 2. d4 d5 3. Nd2 h6 4. Ngf3 Nf6 5. e5 Nfd7 6. c3 c5 7. Bd3 Nc6 8. O-O g5
9. a3 g4 10. Ne1 h5 11. Nc2 cxd4 12. cxd4 Qb6 13. Re1 Nxd4 14. Nxd4 Qxd4 15. Nb3
Qb6 16. Be3 Qd8 17. Bd4 Bg7 18. Qd2 Nb8 19. Bc5 Nc6 20. Bd6 b6 21. Bb5 Bd7 22.
Qc3 Nb8 23. Nd4 Bh6 24. Qc2 a5 25. Nxe6 1-0

[Event "28th European Club Cup"]
[Site "Eilat ISR"]
[Date "2012.10.16"]
[Round "6.11"]
[White "Noiroux, Kevin"]
[Black "Kaspi, Alexander"]
[Result "0-1"]
[BlackTitle "IM"]
[WhiteElo "2176"]
[BlackElo "2435"]
[WhiteTeam "Amay"]
[BlackTeam "Rishon Le-Zion"]
[WhiteFideId "204234"]
[BlackFideId "2802910"]
[EventDate "2012.10.11"]
[EventType "team-swiss"]

1. d4 Nf6 2. Nf3 e6 3. Bf4 b6 4. e3 Bb7 5. Bd3 Be7 6. h3 c5 7. c3 O-O 8. O-O d5
9. Nbd2 Ne4 10. Qc2 f5 11. Ne5 Nxd2 12. Qxd2 Nd7 13. Qe2 Nxe5 14. Bxe5 Bd6 15.
Bxd6 Qxd6 16. f4 c4 17. Bc2 b5 18. a4 b4 19. cxb4 Qxb4 20. b3 c3 21. Qb5 a5 22.
Qxb4 axb4 23. Bd3 Ba6 24. Bxa6 Rxa6 25. Rf2 Kf7 26. Rc2 h6 27. g3 g5 28. Kf2 Ke7
29. Kf3 Kd6 30. Rg1 Ra7 31. Rgg2 Rg7 32. Rc1 Kc6 33. Rcc2 Rfg8 34. Rc1 h5 35.
Rcg1 g4+ 36. hxg4 Rxg4 37. Rh1 h4 38. Rhg1 Rxg3+ 39. Rxg3 Rxg3+ 40. Rxg3 hxg3 0-1

[Event "28th European Club Cup"]
[Site "Eilat ISR"]
[Date "2012.10.16"]
[Round "6.11"]
[White "Klenburg, Mikhail"]
[Black "Block, Wolfgang"]
[Result "1-0"]
[WhiteTitle "IM"]
[WhiteElo "2366"]
[BlackElo "2101"]
[WhiteTeam "Rishon Le-Zion"]
[BlackTeam "Amay"]
[WhiteFideId "14102072"]
[BlackFideId "24665185"]
[EventDate "2012.10.11"]
[EventType "team-swiss"]

1. e4 c6 2. d4 d5 3. e5 Bf5 4. Nf3 e6 5. Be2 c5 6. Be3 Nc6 7. dxc5 Bg4 8. Nbd2
Nge7 9. c3 Qc7 10. Qa4 Bxf3 11. Nxf3 Nf5 12. Bd4 Be7 13. Bb5 O-O 14. Bxc6 bxc6
15. O-O Rfb8 16. Rab1 a5 17. Ne1 Rb5 18. Nd3 Qb8 19. Qd1 Ra7 20. g4 Nxd4 21.
cxd4 f6 22. f4 fxe5 23. fxe5 Bg5 24. Qe2 Rbb7 25. Rf3 Rf7 26. Rbf1 Qb5 27. Qc2
Rxf3 28. Rxf3 Rf7 29. Rxf7 Kxf7 30. Kf2 Kg8 31. Ke2 h6 32. a4 Qa6 33. Qc3 Kh7
34. Kd1 Kg8 35. Kc2 Kh7 36. b3 Qa7 37. Ne1 Qf7 38. Qf3 Qb7 39. Nd3 Qe7 40. b4
axb4 41. Nxb4 Qb7 42. Kb3 Kg8 43. Qd3 Qb8 44. a5 Bd8 45. Ka4 Qc7 46. Qa6 Kh7 47.
Nxc6 Qd7 48. Qa8 Bg5 49. a6 Be3 50. Qb7 Qe8 51. Ka5 1-0